O sebe a psychoanalýze

Na minha lista:
Detalhes bibliográficos
Autor principal: Freud, Sigmund
Outros Autores: Seewaldová, Jaroslava, Krankus, Milan
Formato: Livro
Idioma:eslovaco
Publicado em: Bratislava Univerzitná knižnica v Bratislave 2000
Assuntos:
Tags: Adicionar Tag
Sem tags, seja o primeiro a adicionar uma tag!

MARC

LEADER 00000nam a2200000 4500
001 c117948
005 20230718082913.6
020 |a 80-85170-54-X 
041 0 |a slo 
044 |a SK 
245 1 0 |a O sebe a psychoanalýze  |c Sigmund Freud ; [preložili: Jaroslava Seewaldová, Milan Krankus] 
264 1 |a Bratislava  |b Univerzitná knižnica v Bratislave  |c 2000 
300 |a 47 s. 
610 2 0 |a psychológia 
610 2 0 |a analýzy 
610 2 0 |a veda 
610 2 0 |a medicína 
610 2 0 |a Freud, S. 
100 1 |a Freud, Sigmund 
700 1 |a Seewaldová, Jaroslava 
700 1 |a Krankus, Milan